[Event "Rennes op 2nd"]
[Site "Rennes"]
[Date "2009.07.18"]
[Round "4"]
[White "Madeline, Paul"]
[Black "Bacon, Bruno"]
[Result "0-1"]
[WhiteElo "1579"]
[BlackElo "1742"]
[PlyCount "46"]
[EventDate "2009.07.15"]
[EventType "swiss"]
[EventRounds "9"]
[EventCountry "FRA"]
[SourceTitle "EXT 2011"]
[Source "ChessBase"]
[SourceDate "2010.11.26"]
[SourceVersion "1"]
[SourceVersionDate "2010.11.26"]
[SourceQuality "1"]

1. e4 c5 2. Nc3 a6 3. g3 e6 4. Bg2 Nc6 5. d3 g6 6. f4 Nge7 7. Be3 b6 8. Nge2 Bg7 9. 0-0 0-0 10. e5 Bb7 11. Ne4 Nf5 12. Bd2 d6 13. exd6 Nxd6 14. Nxd6 Qxd6 15. Kh1 Qc7 16. Nc3 Ne7 17. Bf3 Nf5 18. Be4 Nd4 19. Na4 f5 20. c3 fxe4 21. cxd4 exd3+ 22. Kg1 Bxd4+ 23. Rf2 Qc6 0-1